| 000 | 005290000a22001810004500 | ||
|---|---|---|---|
| 020 | _a0-311-05319-X | ||
| 041 | 0 | _aSPA | |
| 082 | 0 | 4 | _aG 262.52 R6667w |
| 100 | 1 | _aRobleto, Adolfo | |
| 245 | 1 | 0 | _aEn vistazo a la doctrina romana : Interpretación a la luz del segundo concilio vaticano / Adolfo Robleto |
| 260 | _a[S.L] : Casa Bautista de Publicaciones | ||
| 300 | _a127 Pag | ||
| 001 | 9781 | ||
| 942 | _cBK | ||
| 999 |
_c39634 _d39634 |
||
| 336 |
_atexto _btxt _2rdacontent |
||
| 337 |
_2rdamedia _asin mediación _bn |
||
| 338 |
_2rdacarrier _avolumen _bnc |
||